<?xml version='1.0' encoding='UTF-8'?>
  <record xmlns="http://www.loc.gov/MARC21/slim">
    <leader>00000ctm a2200000 i 4500</leader>
    <controlfield tag="001">ocn965428580</controlfield>
    <controlfield tag="003">OCoLC</controlfield>
    <controlfield tag="005">20250312172951.2</controlfield>
    <controlfield tag="008">150324q15001600xx            000 0 lat d</controlfield>
    <datafield tag="040" ind1=" " ind2=" ">
      <subfield code="a">QGJ</subfield>
      <subfield code="b">eng</subfield>
      <subfield code="c">QGJ</subfield>
      <subfield code="d">OCLCO</subfield>
      <subfield code="d">OCLCL</subfield>
      <subfield code="d">OCLCQ</subfield>
    </datafield>
    <datafield tag="035" ind1=" " ind2=" ">
      <subfield code="a">(OCoLC)965428580</subfield>
    </datafield>
    <datafield tag="100" ind1="1" ind2=" ">
      <subfield code="a">Basin, Thomas,</subfield>
      <subfield code="d">1412-1491,</subfield>
      <subfield code="e">author.</subfield>
      <subfield code="4">aut</subfield>
    </datafield>
    <datafield tag="245" ind1="1" ind2="0">
      <subfield code="a">Historiae de rebus a Carolo VII et Ludovico XI Francorum regibus eorumque in tempore in Gallia gestis /</subfield>
      <subfield code="b">Thomas Basin</subfield>
      <subfield code="f">UBU Hs. 794 (Hs 6 A 15).</subfield>
    </datafield>
    <datafield tag="246" ind1="3" ind2="2">
      <subfield code="a">Fragmenta ex anonymo quondam autore Historiarum rerum gestarum temporibus Caroli VII et Ludovici ejus filii regum Franciae cet. [de motibus Trajectensibus a. 1481-83]</subfield>
    </datafield>
    <datafield tag="260" ind1=" " ind2=" ">
      <subfield code="a">[S.l.],</subfield>
      <subfield code="c">1500-1600.</subfield>
    </datafield>
    <datafield tag="300" ind1=" " ind2=" ">
      <subfield code="a">30 fols.</subfield>
      <subfield code="c">.. cm</subfield>
    </datafield>
    <datafield tag="336" ind1=" " ind2=" ">
      <subfield code="a">text</subfield>
      <subfield code="b">txt</subfield>
      <subfield code="2">rdacontent</subfield>
    </datafield>
    <datafield tag="337" ind1=" " ind2=" ">
      <subfield code="a">unmediated</subfield>
      <subfield code="b">n</subfield>
      <subfield code="2">rdamedia</subfield>
    </datafield>
    <datafield tag="338" ind1=" " ind2=" ">
      <subfield code="a">volume</subfield>
      <subfield code="b">nc</subfield>
      <subfield code="2">rdacarrier</subfield>
    </datafield>
    <datafield tag="340" ind1=" " ind2=" ">
      <subfield code="a">paper.</subfield>
    </datafield>
    <datafield tag="500" ind1=" " ind2=" ">
      <subfield code="a">Preliminary title.</subfield>
    </datafield>
    <datafield tag="500" ind1=" " ind2=" ">
      <subfield code="a">NB. Hs. 795 also has shelfmark Hs 6 A 15.</subfield>
    </datafield>
    <datafield tag="524" ind1=" " ind2=" ">
      <subfield code="a">Cite as: Universiteitsbibliotheek Utrecht Hs. 794 (Hs 6 A 15).</subfield>
    </datafield>
    <datafield tag="581" ind1=" " ind2=" ">
      <subfield code="a">P.A. Tiele, Catalogus codicum manu scriptorum Bibliothecae Universitatis Rheno-Trajectinae. I. Trajecti ad Rhenum. Hagae Comitis 1887. p. 204.</subfield>
    </datafield>
    <datafield tag="581" ind1=" " ind2=" ">
      <subfield code="a">A.M.C. van Asch van Wijck, Driejarige oorlog van Maximiliaan van Oostenrijk en de stad Utrecht. Utrecht 1842. p. 14 (van de Voorrede).</subfield>
    </datafield>
    <datafield tag="581" ind1=" " ind2=" ">
      <subfield code="a">T. Basin, Histoire de Charles VII. Éd. et trad. par C. Samaran. Dl. 2 (1445-1450). Paris 1944. cf Scriptorium, 9 (1955), p. 313, nr. 329. (= Les classiques de l'histoire de France au Moyen Âge 21). P. XX.</subfield>
    </datafield>
    <datafield tag="581" ind1=" " ind2=" ">
      <subfield code="a">T. Basin, Histoire de Louis XI. Éd. et trad. par C. Samaran &amp; M.-C. Garand. Dl. 3. Paris 1972. (= Les classiques de l'histoire de France au Moyen Âge 30). p. VIII e.v.</subfield>
    </datafield>
    <datafield tag="581" ind1=" " ind2=" ">
      <subfield code="a">M. Carasso-Kok, Repertorium van verhalende historische bronnen uit de middeleeuwen. Heiligenlevens, annalen, kronieken en andere in Nederland geschreven verhalende bronnen. 's-Gravenhage 1981. (= Bibliografische reeks van het Nederlands Historisch Genootschap 2). nr. 369.</subfield>
    </datafield>
    <datafield tag="581" ind1=" " ind2=" ">
      <subfield code="a">K. van Vliet, 'Thomas Basin in Utrecht', in: Jaarboek Oud-Utrecht 1991, p. 60-92. p. 84, nt. 91 en 113.</subfield>
    </datafield>
    <datafield tag="650" ind1=" " ind2="7">
      <subfield code="a">Geschiedbronnen.</subfield>
      <subfield code="2">gtt</subfield>
    </datafield>
    <datafield tag="655" ind1=" " ind2="7">
      <subfield code="a">Kronieken (vorm)</subfield>
      <subfield code="2">gtt</subfield>
    </datafield>
    <datafield tag="655" ind1=" " ind2="7">
      <subfield code="a">Handschriften (vorm)</subfield>
      <subfield code="0">088143309</subfield>
      <subfield code="2">gtt</subfield>
    </datafield>
    <datafield tag="700" ind1="1" ind2=" ">
      <subfield code="a">Lap van Waveren, Gijsbert,</subfield>
      <subfield code="e">former owner.</subfield>
      <subfield code="4">fmo</subfield>
      <subfield code="5">NL-UtRU</subfield>
    </datafield>
    <datafield tag="710" ind1="2" ind2=" ">
      <subfield code="a">Provinciaal Archief van Utrecht</subfield>
      <subfield code="c">(Utrecht)</subfield>
      <subfield code="e">former owner.</subfield>
      <subfield code="4">fmo</subfield>
      <subfield code="5">NL-UtRU</subfield>
    </datafield>
    <datafield tag="758" ind1=" " ind2=" ">
      <subfield code="i">has work:</subfield>
      <subfield code="a">Historiae de rebus a Carolo VII et Ludovico XI Francorum regibus eorumque in tempore in Gallia gestis UBU Hs. 794 (Hs 6 A 15) (Text)</subfield>
      <subfield code="1">https://id.oclc.org/worldcat/entity/E39PCFHHjjVktHgXCPWkp6jyFq</subfield>
      <subfield code="4">https://id.oclc.org/worldcat/ontology/hasWork</subfield>
    </datafield>
    <datafield tag="856" ind1="4" ind2="1">
      <subfield code="u">http://objects.library.uu.nl/reader/resolver.php?obj=002655471&amp;type=2</subfield>
      <subfield code="x">Online</subfield>
      <subfield code="z">Full text</subfield>
    </datafield>
    <datafield tag="936" ind1=" " ind2=" ">
      <subfield code="a">BATCHLOAD</subfield>
    </datafield>
  </record>